000 00582nam a2200193 i 4500
001 65927
003 ES-MaACL
005 20230906165515.0
007 t|
008 040123s1953 ja ||||1| eng d
100 1 _aFujikake, Shizuya.
_952987
245 1 0 _aJapanese wood-block prints /
_cby Shizuya Fujikake.
260 _a[Tokyo :
_bJapan Travel Bureau,
_c1953] (
_fKyodo Printing Cº)
300 _a219 p., 34 lám ;
_c19 cm.
490 1 _aTourist library ;
_v10
830 0 _aTourist library ;
_v10
_9184006
852 _aES-MaACL
_jC-12581
_bR.40291
999 _c65927
_d65927